| 000 | 00390nam a22001457a 4500 | ||
|---|---|---|---|
| 005 | 20200611114456.0 | ||
| 008 | 200611b xxu||||| |||| 00| 0 eng d | ||
| 082 | _a345.4 AIR | ||
| 110 |
_aALL INDIA REPORTER, _95985 |
||
| 245 | _aALL INDIA REPORTER, [1999] [VOL-86] ALLAHABAD SECTION | ||
| 260 | _bALL INDIA REPORTER, PVT. LTD. | ||
| 300 | _a464;p | ||
| 650 |
_aLAW _95701 |
||
| 942 | _cJRL | ||
| 999 |
_c7046 _d7044 |
||